000 01688nam a22003974a 4500
001 ebr10402767
003 CaPaEBR
006 m u
007 cr cn|||||||||
008 060214s2006 paua sb 001 0 eng
010 _z 2006005241
020 _z0827608314
020 _z9780827608313
040 _aCaPaEBR
_cCaPaEBR
035 _a(OCoLC)698163010
050 1 4 _aBM724
_b.H36 2006eb
082 0 4 _a296.7/2
_222
100 1 _aHammer, Jill.
245 1 4 _aThe Jewish book of days
_h[electronic resource] :
_ba companion for all seasons /
_cJill Hammer.
250 _a1st ed.
260 _aPhiladelphia :
_bJewish Publication Society,
_c2006.
300 _a440 p. :
_bill.
504 _aIncludes bibliographical references (p. 432-434) and index.
505 0 _aThe seed : 1 Tishrei to 14 Cheshvan -- The root : 15 Heshvan to 30 Kislev -- The branch : 1 Tevet to 14 Shevat -- The sap : 15 Shevat to 29 Adar -- The bud : 1 Nisan to 14 Iyar -- The leaf : 15 Iyar to 30 Sivan -- The flower : 1 Tammuz to 14 Av -- The fruit : 15 Av to 29 Elul.
533 _aElectronic reproduction.
_bPalo Alto, Calif. :
_cebrary,
_d2013.
_nAvailable via World Wide Web.
_nAccess may be limited to ebrary affiliated libraries.
650 0 _aSpiritual life
_xJudaism.
650 0 _aSeasons
_xReligious aspects
_xJudaism.
650 0 _aNature
_xReligious aspects
_xJudaism.
650 0 _aJewish calendar.
650 0 _aMidrash.
650 0 _aPresence of God.
650 0 _aDays.
655 7 _aElectronic books.
_2local
710 2 _aebrary, Inc.
856 4 0 _uhttp://site.ebrary.com/lib/rucke/Doc?id=10402767
_zAn electronic book accessible through the World Wide Web; click to view
999 _c92718
_d92718